| 000 | 00826nas a2200253 4500 | ||
|---|---|---|---|
| 001 | BR0805103 | ||
| 003 | BR-BrBNA | ||
| 005 | 20231205111911.0 | ||
| 007 | ta | ||
| 008 | 230509b bl.|||p| |||| 00| 00por d | ||
| 040 |
_aBR-BrBNA _bpor _cBiblioteca Nacional de Agricultura |
||
| 041 | _a(Pt) | ||
| 072 | _aL73 | ||
| 100 | 1 | _aSchafer, I. | |
| 100 | 1 | _aRohrbacher, L. de O. | |
| 100 | 1 | _aColla, N.C. | |
| 245 | 1 | _aIdentificação dos gêneros bacterianos presentes em truta arco-íris (Oncorhynchus mykiss)cultivadas na serra catarinense | |
| 650 | _aBACTÉRIA | ||
| 650 | _aTRUTA ARCO-ÍRIS | ||
| 650 | _aDOENÇA ANIMAL | ||
| 773 | 0 |
_tRevista de Ciências Agroveterinárias (Brazil) _xISSN 1679-9732 _g(Jan-Jun 2004), v. 3(1) p. 56-61 _wBR0805103 |
|
| 909 |
_a202311 _bLúcia _c55 _dLúcia Elande |
||
| 942 |
_2AGRIS _n0 _cANA |
||
| 999 |
_c195031 _d195031 |
||